STN EN 13336: 2013 (79 1336) Usne. Vlastnosti čalúnnických usní. Návod na výber usní na nábytok
Táto norma je slovenskou verziou európskej normy EN 13336: 2012. Preklad zabezpečil Slovenský ústav technickej normalizácie. Má rovnaké postavenie ako majú oficiálne verzie
| Corporate Author: | |
|---|---|
| Other Authors: | |
| Format: | Book |
| Language: | Slovak English |
| PhysicalDescription: | 12 s. tab. 30 cm |
| Published: |
Bratislava
Slovenský ústav technickej normalizácie
2013
|
| Subjects: |
MARC
| LEADER | 00000cam a2200000 a 4500 | ||
|---|---|---|---|
| 001 | vtls010488569 | ||
| 003 | SK-MaSNL | ||
| 005 | 20260301174209.0 | ||
| 008 | 160430s2013 xo a f u 000 0 slo | ||
| 015 | |a SNBN2013 | ||
| 020 | |c (cen. skup. 3) | ||
| 040 | |a SNK |b slo |c SNK |e AACR2 | ||
| 041 | 1 | |a slo |h eng | |
| 044 | |a xo |c SK | ||
| 046 | |a s |m 201302 (účin.) | ||
| 072 | 7 | |a 675 |x Kožiarsky priemysel |2 konspekt | |
| 080 | |a 675.1 |2 2001 | ||
| 080 | |a 006.7/.8 |2 2001 | ||
| 080 | |a (437.6) |2 2001 | ||
| 080 | |a (4) |2 2001 | ||
| 084 | |a 59.140.30 |2 ICS | ||
| 130 | 0 | |a STN 79 2530 (STN EN 13336) |9 546221 | |
| 245 | 1 | 0 | |a STN EN 13336: 2013 (79 1336) Usne. Vlastnosti čalúnnických usní. Návod na výber usní na nábytok |
| 246 | 1 | 0 | |a Usne. Vlastnosti čalúnnických usní |
| 246 | 3 | 0 | |a EN 13336: 2012 E |
| 246 | 1 | 0 | |a Návod na výber usní na nábytok |
| 260 | |a Bratislava |b Slovenský ústav technickej normalizácie |c 2013 | ||
| 300 | |a 12 s. |b tab. |c 30 cm | ||
| 500 | |a Súbežný názov v angličtine, francúzštine, nemčine | ||
| 500 | |a Táto norma nahrádza SSTN EN 13336 z júla 2005 v celom rozsahu | ||
| 500 | |a Spracovateľ: VIPO Partizánske, Jozef Krošlák | ||
| 504 | |a Citované normy, súvisiace právne predpisy s. 2 | ||
| 520 | 8 | |a Táto norma je slovenskou verziou európskej normy EN 13336: 2012. Preklad zabezpečil Slovenský ústav technickej normalizácie. Má rovnaké postavenie ako majú oficiálne verzie | |
| 540 | |a STN vydané na akomkoľvek nosiči sa môžu rozmnožovať a rozširovať iba so súhlasom určenej právnickej osoby |b SÚTN Bratislava |c zákon 264/1999 Z. z. | ||
| 650 | 0 | 7 | |a kože |2 SNKPH |9 453457 |
| 650 | 0 | 7 | |a technické normy a štandardy |z Slovensko |2 SNKPH |9 79594 |
| 650 | 0 | 7 | |a technické normy a štandardy |z krajiny Európskej únie |2 SNKPH |9 289341 |
| 650 | 0 | 7 | |a usne |2 SNKPH |9 318936 |
| 650 | 0 | 7 | |a hides and skins |2 SNKPHeng |9 419411 |
| 655 | 7 | |a normy |2 SNKPH |9 70643 | |
| 700 | 1 | |a Krošlák, Jozef |4 trl |9 333190 | |
| 710 | 2 | |a VIPO (Partizánske, Slovensko) |4 trl |9 333191 | |
| 710 | 2 | |a Slovenský ústav technickej normalizácie (Bratislava, Slovensko) |b Technická komisia č. 24 Materiály a výrobky kožiarskeho priemyslu |4 stn |9 321305 | |
| 852 | |a Štátna vedecká knižnica v Banskej Bystrici | ||
| 958 | |a NB | ||
| 958 | |a OP | ||
| 999 | |c 838947 |d 840877 | ||
| 952 | |a SNK |b SNK |y PREZ |7 0 |p 17A1065064 |o snkSTN EN 13336 |i snk2013/5677 |8 0 |0 0 |1 0 |4 0 |d 2013-03-12 |l 0 |r 2026-02-24 04:05:12 |w 2026-02-24 | ||
| 952 | |a SNK |b SNK |y PREZ |7 0 |p 17A1065065 |o snkSTN EN 13336 D1 |i snk2013/5678 |8 0 |0 0 |1 0 |4 0 |d 2013-03-12 |l 0 |r 2026-02-24 04:05:12 |w 2026-02-24 | ||


